| 000 | 02753nam a2200289 4500 | ||
|---|---|---|---|
| 001 | ESSALUD | ||
| 005 | 20260701102912.0 | ||
| 007 | ta | ||
| 008 | t pe ||||| |||| 00| 0 spa d | ||
| 040 | _aBMG | ||
| 041 | _aspa | ||
| 100 |
_aCastañeda Cruzado, Manuel Stefan _eAutor _948375 |
||
| 245 | _aLos sujetos procesales, la Casación N° 245-2023-Líma y una evolución significativa en la aplicación del litisconsorcio necesario | ||
| 246 | _aProcedural law subjects, Cassation N° 245-2023-Lima, and a significant evolution in the application of permissive joinder | ||
| 300 | _apáginas 198-213 | ||
| 520 | _aEl proceso civil se constituye como un mecanismo fundamental para la resolución de conflictos dentro del Estado de derecho, cuyo desarrollo válido y eficaz depende de la participación coordinada de diversos actores. Estos, denominados sujetos procesales, no se limitan a las partes en conflicto (demandante y demandado), sino que engloban a todos los intervinientes con capacidad para realizar actos jurídicos dentro del proceso, incluyendo al órgano jurisdiccional, sus auxiliares y terceros. Por lo tanto, los autores refieren que ofrecer una visión integral de los sujetos procesales, analizando desde sus definiciones doctrinales básicas hasta instituciones específicas, es importante para sentar las bases conceptuales necesarias para entender su operatividad y relevancia en la práctica jurídica. | ||
| 520 | _aThe civil process constitutes a fundamental mechanism for the resolution of disputes within the Rule of Law, whose valid and effective development depends on the coordinated participation of various actors. These actors, known as procedural subjects, are not limited to the parties in conflict (plaintiff and defendant, but encompass all participants with the legal capacity to perform procedural acts, Including the judicial authority, its auxiliary personnel, and third parties. Therefore, the authors suggest that providing a comprehensive overview of procedural subjects, from their basic doctrinal definitions to the examination of specific procedural Institutions, is essential for establishing the conceptual foundations necessary to understand their operability and significance in legal practice. | ||
| 650 |
_aSUJETOS PROCESALES _952978 |
||
| 650 |
_aREPRESENTACION PROCESAL _952979 |
||
| 650 |
_aLITISCONSORCIO _952980 |
||
| 650 |
_aPROCEDURAL SUBJECTS _952981 |
||
| 650 |
_aPROCEDURAL REPRESENTATION _952982 |
||
| 650 |
_aJOINDER OF PARTIES _952983 |
||
| 700 |
_aFlores Guzmán, Andrea Valeria _eAutor _952984 |
||
| 773 | 0 |
_022573 _922620 _dLima Grupo Praxis Formación Profesional, 2026- _oPRA001 _tPraxis Civil & Procesal Civil _wESSALUD _x3119-7671 |
|
| 942 |
_cARTICULOS _e2026-06-30 _zsqb |
||
| 999 |
_c22582 _d22582 |
||